|
|
|
|
| LEADER |
00000nab a2200000 a 4500 |
| 001 |
vtls000690512 |
| 003 |
SK-MaSNL |
| 005 |
20260303043359.0 |
| 008 |
180205c1999 xo 0 slo |
| 015 |
|
|
|a SNBRB1999/04-08721
|
| 035 |
|
|
|a CLN000042679
|
| 040 |
|
|
|a SNKBUCL
|b slo
|c SNKBUCL
|e AACR2
|
| 041 |
0 |
|
|a slo
|
| 044 |
|
|
|a xo
|c SK
|
| 080 |
|
|
|a 329.7(437.6)HZDS:061.3
|2 UDC-MRF-SK2
|
| 100 |
1 |
|
|a Slišková, Nora
|4 ain
|9 266806
|
| 245 |
1 |
0 |
|a Martýrstvo neuznávam
|b podpredseda HZDS Vojtech Tkáč pre Pravdu o výsledkoch snemu:
|c [zhovárala sa] Nora Slišková
|
| 300 |
|
|
|b Fotogr.
|
| 610 |
|
7 |
|a Hnutie za demokratické Slovensko
|b Snem
|d 1999
|2 snkbucl
|9 892912
|
| 655 |
|
7 |
|a články z novín a časopisov
|2 snkbucl
|9 267496
|
| 700 |
1 |
|
|a Tkáč, Vojtech,
|d 1949-
|4 aut
|4 uin
|9 201800
|
| 773 |
0 |
|
|x 1335-4051
|t Pravda
|g Roč. 9, č. 89 (19.4.1999), s. 1 a 6
|
| 850 |
|
|
|a Slovenská národná knižnica v Martine
|
| 852 |
|
|
|a SNK
|b KIS3GCP
|
| 958 |
|
|
|a RBX
|
| 999 |
|
|
|c 1696621
|d 1698551
|